000 00602nam a22001937a 4500
005 20130913145520.0
010 _aENG-108151
020 _a9788170589839
_c75.00
035 _aEN-91684
037 _bDBAD/PUB
082 _a617.755
100 _aAgarwal, R.S.
245 _aYoga of perfect sight :
_cby R.S. Agarwal
_bwith letters of Sri Aurobindo /
250 _a4th ed
260 _aPondicherry
_bSri Aurobindo Ashram
_c2012
270 _bPondicherry
_e605002
_aSri Aurobindo Ashram Publication Department
300 _a249p. :
_c20cm(pbk)
_bill.
942 _2ddc
_cEN
_mAGA
_h617.755
999 _c78076
_d78076